000 00285nam a22001337a 4500
008 170310b xxu||||| |||| 00| 0 eng d
020 _a9780683300147
041 _aeng
080 _a616-002.77
100 _a7
101 _aSHM
245 _aRHEUMATOLOGY
_cCUSH, J.J
942 _2udc
_cBK
999 _c7454
_d7454